Statystyki dla CO KOJARZY SIĘ Z WESTERNEM?

Kliknij tutaj aby rozwiązać quiz!

Ogólne statystyki

  • Ten quiz został rozwiązany 27 razy
  • Średni wynik to 3 z 6

Statystyki odpowiedzi

Odpowiedź% Poprawnych
REWOLWER
76%
KOWBOJ
71%
SALOON
38%
SZERYF
38%
INDIANIE
29%
BANDYCI
0%

Rozkład punktacji

Percentyl według liczby udzielonych odpowiedzi

Procent ludzi z każdym wynikiem

Twoja historia wyników

Nie rozwiązałeś tego quizu